[Event "Dos Hermanas"]
[Site "Dos Hermanas"]
[Date "1995.??.??"]
[Round "6"]
[White "Gelfand, Boris"]
[Black "Kamsky, Gata"]
[Result "1/2-1/2"]
[WhiteElo "2700"]
[BlackElo "2710"]
[Annotator "Gelfand,B"]
[PlyCount "160"]
[EventDate "1995.04.??"]
[EventType "tourn"]
[EventRounds "9"]
[EventCountry "ESP"]
[EventCategory "18"]
[SourceTitle "CBM 047"]
[Source "ChessBase"]
[SourceDate "1995.08.01"]
[SourceVersion "1"]
[SourceVersionDate "1995.08.01"]
[SourceQuality "1"]

1. d4 Nf6 2. c4 g6 3. Nc3 d5 4. cxd5 Nxd5 5. e4 Nxc3 6. bxc3 Bg7 7. Nf3 c5 8.
Rb1 O-O 9. Be2 cxd4 10. cxd4 Qa5+ 11. Bd2 Qxa2 12. O-O Bg4 13. Bg5 h6 14. Be3
Nc6 15. Rxb7 Rab8 16. Rxb8 Rxb8 17. h3 $5 $146 (17. d5 {Sokolin-Orlov,
S-Petersburg,92}) 17... Bxf3 18. Bxf3 Rd8 (18... e5 19. d5 Nd4 20. Qa1 $1) (
18... e6 19. e5 $5 $14 {Sakaev}) 19. d5 Ne5 (19... e6 20. Qc1 $1) 20. Qc1 $1
Kh7 21. Qc7 Rd7 22. Qc8 Qc4 (22... h5 23. Rc1) 23. Qe8 $1 Rb7 (23... Qc7 24.
Rc1 Qd8 25. Qxd8 Rxd8 (25... Nxf3+ 26. gxf3 Rxd8 27. Rc7 (27. Bxa7 e6 28. Rd1)
27... e6 28. Rxf7 exd5 29. Bd4 $18) 26. Rc7 (26. Be2 $1 $16) 26... e6 27. dxe6
Nxf3+ 28. gxf3 fxe6 29. Rxa7 $16) 24. Rc1 Qb5 (24... Qd3 $5 25. Kh2 $1 (25. Rc8
Rb1+ 26. Kh2 (26. Bc1 Nxf3+ 27. gxf3 Rxc1+ $1 28. Rxc1 Qxf3 $17 29. Rc8 h5 {
/\Bd4}) 26... Nxf3+ 27. gxf3 Be5+ 28. f4 Bxf4+ $3 29. Bxf4 (29. Kg2 Qxe4+)
29... Rh1+ $3 30. Kxh1 Qf1+ $10) 25... Qb5 (25... Nc4 26. Qxf7 Nxe3 27. Rc6 $3
{/\Qg6 Kh8 Rc8} Nf1+ 28. Kg1 Rb8 29. Rxg6 Qd4 30. Rxh6+ $3 Kxh6 31. Qh5#) (
25... Rb1 26. Be2 $5 (26. Rxb1 Qxb1 27. Qxe7) 26... Qxe4 27. Rc8 $18) 26. Qa8
Nxf3+ 27. gxf3 a5 $5 28. Qd8 (28. Rc5 $2 Qf1 29. Qxb7 Be5+ 30. f4 Bxf4+) (28.
Kg2 Rb8 29. Qc6 a4 $132) 28... Qd7 29. Qxa5 $16) 25. Qxb5 $6 (25. Qa8 $1 Nxf3+
(25... a5 26. Be2 $1) (25... Rd7 26. Bg4 Nxg4 27. hxg4 $16) 26. gxf3 a5 27. Rc5
(27. Qd8 Qd7) 27... Qb1+ (27... Qd7 28. Rxa5) 28. Kg2 Rb3 29. Qxa5 $16 Rxe3
$140 30. fxe3 Qb2+ 31. Kf1 Qb1+ 32. Qe1 $18) 25... Rxb5 26. Bxa7 (26. Rc7 $2
Rb1+ 27. Kh2 $4 Nxf3+ 28. gxf3 Be5+) (26. Be2 Rb4 27. f3 (27. Rc7 Rxe4 28. Rxa7
Bf6) 27... g5 $1 28. Bxa7 (28. Rc7 Ng6 29. d6 exd6 30. Rxf7 a5) 28... Ng6)
26... f5 $1 27. Rd1 $6 (27. Kf1 $5) 27... Bf6 28. Kf1 Kg7 (28... Rb4 29. exf5
Nxf3 30. fxg6+ Kxg6 31. gxf3) 29. d6 exd6 30. Rxd6 Kf7 $6 (30... Rb4 $5 31.
exf5 (31. Rb6 Rxb6 32. Bxb6 Nxf3 33. gxf3 Kf7 $10) 31... Nxf3 32. Rd7+ Kg8 33.
gxf3 gxf5 34. Rd5 f4) (30... Rb1+ 31. Rd1 Rxd1+ 32. Bxd1 fxe4 33. Bc2 Nc6 (
33... Nd3 34. f3 exf3 35. Bxd3 fxg2+ 36. Kxg2 $16) 34. Be3 Bd4 35. Bd2 (35.
Bxe4 Bxe3 36. fxe3)) 31. Be2 Rb1+ (31... Rb7 32. Be3 fxe4 33. Bxh6 g5 34. Rd1)
32. Rd1 Rxd1+ 33. Bxd1 fxe4 (33... f4 $5) 34. Bb3+ Kg7 35. Bd5 Nf7 36. Bxe4 Nd6
37. Bd3 Nf5 38. Bc5 Bd4 39. Bb4 Kf6 40. Bd2 h5 41. Ke2 Bc5 42. Bc3+ Bd4 43. Ba5
Bc5 44. Bd8+ Kg7 45. Bc4 Nd4+ 46. Ke1 Nc6 47. Bg5 Nd4 48. Bc1 Bb4+ 49. Kf1 Bc3
50. f4 Nf5 51. Kf2 Kf6 52. Bd3 Nd4 53. Ba3 Nf5 54. g4 (54. Be4 $5) 54... hxg4
55. hxg4 Nd4 56. g5+ (56. Bd6 Ne6 $10 {/\g5}) 56... Kf7 57. Bc4+ Kg7 58. Bc5 (
58. Bd6 Nf5 59. Be5+ Bxe5 60. fxe5 Kf8 61. Bd3 Ne7 62. Be4 (62. Kf3 Nc6 63. Kf4
Kf7 $10) 62... Kf7 63. Ke3 (63. Kf3 Ke6 64. Kf4 Nd5+ $10) 63... Nc8 64. Kd4 Nb6
65. Kc5 Ke6) 58... Nf5 59. Kf3 Bb2 60. Ke4 Ng3+ 61. Kf3 Nf5 62. Bb6 Bc1 63. Bc7
Bd2 64. Be5+ Kf8 65. Bb3 Bc1 66. Kg4 Ne3+ 67. Kh3 Nf5 68. Be6 Ng7 69. Bd6+ Ke8
70. Bc4 Nf5 71. Be5 Kf8 72. Bd3 Kf7 73. Kg4 Ne3+ 74. Kf3 Nf5 75. Bc4+ Kf8 76.
Ke4 Ng3+ 77. Kf3 Nf5 78. Be6 Ng7 79. Bg4 Kf7 80. Ke4 Ne6 1/2-1/2

[Event "Dos Hermanas"]
[Site "Dos Hermanas"]
[Date "1995.??.??"]
[Round "7"]
[White "Kamsky, Gata"]
[Black "Polgar, Judit"]
[Result "1/2-1/2"]
[WhiteElo "2710"]
[BlackElo "2630"]
[Annotator "Ftacnik,L"]
[PlyCount "102"]
[EventDate "1995.04.??"]
[EventType "tourn"]
[EventRounds "9"]
[EventCountry "ESP"]
[EventCategory "18"]
[SourceTitle "CBM 047"]
[Source "ChessBase"]
[SourceDate "1995.08.01"]
[SourceVersion "1"]
[SourceVersionDate "1995.08.01"]
[SourceQuality "1"]

1. Nf3 e6 2. c4 d5 3. d4 Nd7 4. Nc3 Ngf6 5. Bg5 Bb4 6. cxd5 exd5 7. e3 c5 8.
Bd3 Qa5 9. Qc2 c4 10. Bf5 O-O 11. O-O Re8 12. Nd2 g6 13. Bxd7 Nxd7 14. Rfe1 (
14. a3 Bxc3 15. bxc3 Nb6 16. f3 Bd7 17. h4 (17. Rfe1 Ba4 18. Qc1 Bc6 19. Ra2
Re6 20. Nf1 Rae8 21. h4 Nc8 22. Nh2 f6 23. Bf4 Nd6 24. Bxd6 {Kasparov,G-Tatai,
S/Dubai olm (13)/1986/1-0 (41)}) 17... Ba4 18. Qb2 Bc6 19. Rac1 Re6 20. Rfe1
Rae8 21. Kf2 f5 22. h5 Na4 23. Qc2 Qc7 24. hxg6 {Hodgson,JM-Landenbergue,C/
Muenchen op9293 (02)/1992/1-0 (38)}) (14. Rae1 Nb6 15. f3 Bd7 16. Bh4 Na4 17.
Ndb1 Bf8 (17... Re6 18. e4 Bxc3 19. bxc3 Rae8 20. e5 f5 $6 21. Qc1 Qc7 22. Bf6
Rb6 23. h4 f4 $1 24. Qxf4 {Bellon Lopez,J-Campos Moreno,J/Espana/1991/1-0 (42)}
) 18. e4 Nxc3 $2 19. Nxc3 Bc6 $6 20. e5 b5 21. a3 Qb6 22. Qf2 a5 23. f4 b4 24.
f5 $1 {Krasenkov,M-Blatny,P/Katowice/1992/1-0 (35)}) (14. Bh4 Nb6 15. e4 Bxc3
16. bxc3 Qa4 17. Qb1 Bd7 18. f4 Qa3 19. Rf3 dxe4 20. Nxe4 Rxe4 21. Qxe4 Bc6 22.
Qe2 Re8 23. Qf2 Bxf3 24. Qxf3 {Nickoloff,B-Kovacevic,V/Toronto (01)/1989/0.5 
(79)}) (14. h4 Nb6 15. f3 Bf8 16. e4 Bg7 17. exd5 Bf5 18. Nde4 Nxd5 19. Qf2
Nxc3 20. bxc3 Qa6 21. Rae1 h6 22. Bf4 Rad8 23. Re3 Qc6 24. Rfe1 {Ftacnik,
L-Winants,L (3)/Tilburg1.29 (30')/1992/0.5 (35)}) 14... Nb6 15. f3 Na4 (15...
Bd7 16. e4 $2 dxe4 17. h4 Bxc3 18. Qxc3 Qxc3 19. bxc3 exf3 20. Ne4 $17 {
Ftacnik,L-Blatny,P/Stara Zagora zt/1990/}) 16. Rac1 Nxc3 17. bxc3 Ba3 18. Rb1
Bf5 19. e4 Bd7 $1 (19... dxe4 20. fxe4 Be6 21. d5 Bd7 22. Nxc4 $16) 20. Nf1 (
20. h4 $2 Ba4) (20. Rxb7 Ba4 21. Qb1 Bc6 $17) 20... dxe4 21. f4 b6 22. Ne3 Rac8
23. Rf1 f5 (23... Bf8 24. f5 gxf5 25. Rf2 Bg7 26. Rbf1 $40) 24. Bf6 Bf8 25. Be5
Qa4 26. Qf2 Qc6 27. h3 Bg7 (27... h5 28. g4 fxg4 29. hxg4 hxg4 30. Qh4 $40) 28.
Kh2 Rf8 29. g4 Rce8 (29... Bxe5 30. dxe5 Rce8 31. Rbd1 $36) 30. gxf5 Bxf5 31.
Qg3 Re7 (31... Bxe5 32. fxe5 Be6 33. Rbd1 $44) 32. Rf2 Ref7 33. Rbf1 b5 34. h4
h5 (34... a5 35. h5 $132) 35. Rg2 Kh7 36. Rfg1 Bh6 37. d5 (37. Nxf5 Rxf5 38. d5
Qe8 $15) 37... Qd7 38. d6 Bg4 {xf4} (38... a6 39. Nxf5 Qxf5 40. Qxg6+ Qxg6 41.
Rxg6 Bxf4+ 42. Bxf4 Rxf4 43. Rg7+ Kh8 44. R7g5 Rxh4+ 45. Kg3 Rg4+ 46. Rxg4 hxg4
47. Rd1 $10) 39. Nxg4 Qxg4 (39... hxg4 40. Rf1) 40. Qxg4 hxg4 41. Rxg4 Bxf4+
42. Bxf4 Rxf4 43. Rxf4 Rxf4 44. Rd1 (44. d7 Rf8) 44... Rf8 45. d7 Rd8 46. Kg3
Kg7 47. Kf4 Kf6 48. Rd5 (48. Kxe4 Ke6 49. Rg1 $10) 48... e3 (48... Ke6 49. Rxb5
Rxd7 50. Re5+ Kf6 51. Rxe4 $14) 49. Kxe3 Ke6 50. Rxb5 Rxd7 51. Ra5 Rd3+ (51...
Rd3+ 52. Ke4 Rxc3 53. Ra6+ Kf7 54. Rxa7+ $10) 1/2-1/2

[Event "Dos Hermanas"]
[Site "Dos Hermanas"]
[Date "1995.??.??"]
[Round "8"]
[White "Kamsky, Gata"]
[Black "Karpov, Anatoly"]
[Result "1-0"]
[WhiteElo "2710"]
[BlackElo "2780"]
[Annotator "Ftacnik,L"]
[PlyCount "75"]
[EventDate "1995.04.??"]
[EventType "tourn"]
[EventRounds "9"]
[EventCountry "ESP"]
[EventCategory "18"]
[SourceTitle "CBM 047"]
[Source "ChessBase"]
[SourceDate "1995.08.01"]
[SourceVersion "1"]
[SourceVersionDate "1995.08.01"]
[SourceQuality "1"]

1. e4 {Blatny,P} c6 2. d4 d5 3. e5 Bf5 4. Nf3 e6 5. Be2 c5 6. Be3 Nd7 (6...
cxd4 {Blatny,P Gelfand-Karpov/Sanghi Nagar cm/1995/}) 7. c4 (7. O-O Ne7 8. c4
dxc4 9. Bxc4 (9. Na3 Nd5 10. Bg5 Qb8 11. Bxc4 h6 12. Bh4 N7b6 13. Rc1 a6 14.
Re1 Be7 15. Bxe7 Kxe7 16. Bd3 Bxd3 17. Qxd3 cxd4 18. Nc4 Nxc4 19. Rxc4 Rc8 20.
Rxd4 Qc7 21. Rd1 Rd8 22. h4 Rac8 23. h5 Nb6 24. Qh7 {Smirin,I-Vyzmanavin,A/
Elenite (03)/1994/1-0 (30)}) 9... Bg4 (9... a6) 10. d5 exd5 11. Bxd5 Nxd5 12.
Qxd5 Qb6 13. Nc3 Be7 14. Ng5 Bxg5 15. Bxg5 Be6 16. Qe4 Qxb2 17. Nd5 Qxe5 18.
Qxe5 Nxe5 19. Nc7+ Kd7 20. Nxa8 Nd3 21. Rfd1 c4 22. Rab1 Bd5 23. Nb6+ axb6 24.
Rxb6 {Barlocco,C-Garcia Palermo,C/Reggio Emilia (09)/1994/0-1 (39)}) 7... dxc4
(7... cxd4 8. Nxd4 Bxb1 9. Rxb1 Bb4+ 10. Kf1 (10. Bd2 Bxd2+ 11. Qxd2 Ne7 12.
cxd5 Nxd5 13. f4 O-O 14. O-O Qb6 15. Bf3 Nb4 16. a3 Nc6 17. Rbd1 Rfd8 18. Bxc6
bxc6 19. Qf2 Rab8 20. Nf3 Nc5 21. Rxd8+ Rxd8 22. Rc1 Ne4 23. Qxb6 axb6 24. Kf1
{Anand,V-Gulko,B/Riga Tal mem (03)/1995/1-0 (32)}) 10... Ne7 11. Qa4 Qa5 12.
Qxa5 Bxa5 13. b4 Bc7 14. f4 dxc4 15. Bxc4 O-O 16. Bb3 Bb6 17. Ke2 Rfd8 18. Rhd1
Bxd4 19. Rxd4 Nb6 20. Rxd8+ Rxd8 21. Bxb6 axb6 22. Rd1 Rxd1 23. Kxd1 Kf8 24.
Kd2 {Ehlvest,J-Gulko,B/Riga Tal mem (07)/1995/0.5 (34)}) 8. O-O (8. Nc3 {
Blatny,P Anand-Ivanchuk/PCA-Intel GP/1995/}) 8... a6 (8... b5 $5 {Blatny,P}) 9.
Bxc4 (9. d5 Ne7 10. Nc3 b5 11. Re1 exd5 12. Nxd5 Nxd5 13. Qxd5 Be7 14. Ng5 O-O
15. Nxf7 Rxf7 16. e6 Rf6 17. exd7+ Be6 18. Qe4 Bf5 19. Qd5+ Be6 20. Qe4 {
Short,N-Adianto,U/Moscow olm (04) ENG-INA/1994/0.5 (20)}) 9... Ne7 10. Nc3 b5
11. Bd3 c4 12. Bc2 (12. Bxf5 Nxf5 {><d5,Pd4} 13. Qc2 Be7 14. a4 Rb8) 12... Rc8
13. Re1 (13. Ne4 Nd5) 13... b4 14. Ne4 Nd5 15. Bg5 Qa5 (15... f6 $4 16. exf6
gxf6 17. Nxf6+ N7xf6 18. Bxf5 $18) (15... Be7 $4 {Blatny,P} 16. Nd6+ $18) 16.
Nh4 Bxe4 (16... Bg6 {Blatny,P} 17. Nxg6 hxg6 18. Qf3 $36) 17. Bxe4 g6 18. Qg4
Bg7 (18... N7b6 {Blatny,P} 19. Bf6 Rg8 20. f4 h5 21. Qg3 $14) 19. f4 Qb6 20.
Kh1 Qc6 {/\0-0} (20... Qxd4 $2 {Blatny,P} 21. Rad1 Qxb2 22. Bxd5 exd5 23. e6
$40) (20... h6 {Blatny,P} 21. Nxg6 fxg6 (21... hxg5 22. Nxh8 Bxh8 23. Bxd5 exd5
24. e6 $18) 22. Bxg6+ Kf8 23. Bh4 {/\<->f->}) (20... O-O $4 {Blatny,P} 21. Bxd5
exd5 22. Qxd7) 21. f5 N7b6 (21... gxf5 {Blatny,P} 22. Bxf5 h5 23. Qf3 exf5 24.
Nxf5 Bf8 25. Nd6+ $40) (21... exf5 {Blatny,P} 22. Bxf5 gxf5 23. Nxf5 $40) 22.
Bf6 (22. fxg6 hxg6 23. Nxg6 fxg6 24. Rf1 Rf8 $17) (22. f6 Bf8 23. a3 bxa3 24.
bxa3 $13) 22... Bxf6 23. exf6 Kd8 (23... O-O $2 24. fxg6 Nxf6 (24... hxg6 25.
Nxg6 Nxf6 26. Ne7+ $18) 25. gxf7+ Kxf7 26. Rf1 $18) 24. fxg6 (24. fxe6 $5 Qxe6
25. Qxe6 (25. Qf3 Re8) 25... fxe6 26. Bxd5 exd5 27. Re6 Na4 (27... Kc7 28. Rae1
Rhf8 $14) 28. b3 $14) 24... hxg6 25. Bxg6 $1 Rc7 $1 (25... fxg6 26. Nxg6 Rh7
27. Nf8 (27. Rxe6 $40 {Blatny,P}) 27... Rxh2+ 28. Kg1 $1 $40) (25... Rg8 {
Blatny,P} 26. Qf3 fxg6 (26... Rh8 27. Bxf7 Rxh4 28. Rxe6 Qd7 29. Re8+ Qxe8 30.
Bxe8 Kxe8 31. Re1+ Kf7 32. Re7+ $1 Nxe7 33. fxe7+ Kxe7 34. Qb7+ $18) 27. f7 Rf8
28. Nxg6 $18) (25... Rxh4 $5 {Blatny,P}) 26. Be4 (26. Bxf7 Rxf7 27. Ng6 (27.
Rxe6 Qd7 $17) 27... Nxf6 28. Qe2 Re8 29. Ne5 Qb7 30. Nxf7+ Qxf7 31. b3 $13)
26... Kc8 27. Nf3 Nxf6 (27... Qe8 $142 {Blatny,P /\Nf6}) 28. Qg7 (28. Bxc6 Nxg4
29. Be4 Nf2+ 30. Kg1 Nxe4 31. Rxe4 Nd5 $17) 28... Nxe4 (28... Rxh2+ 29. Kxh2
Nxe4 30. Qf8+ Kb7 31. Qxb4 f6 $14) 29. Qxh8+ Kb7 30. Qh4 Nd6 (30... f5 31. a3
b3 32. Ng5 $16) 31. Rac1 (31. Ne5 Qd5 {xd4}) 31... a5 32. Qg5 Nd5 33. h4 $1 Rc8
34. h5 Rh8 35. Kg1 (35. Ne5 Qc7 {/\ f6}) 35... Rh7 36. h6 Qc7 (36... Nf5 37.
Ne5 Qb6 38. Rxc4 Nxd4 (38... f6 39. Qg8 Rc7 40. Nd7 $1 $18) 39. Kh1 Nf5 40. Ng4
$14) 37. Nd2 Qb6 38. Qg4 (38. Qg4 c3 39. bxc3 Nxc3 40. Rxc3 bxc3 41. Rb1 cxd2 (
41... Nb5 42. Nc4 Qa6 43. Qe4+ $18) (41... Qxb1+ 42. Nxb1 c2 43. Qf3+ Ka7 44.
Qf1 cxb1=Q 45. Qxb1 Rxh6 46. Qc1 $16) 42. Qf3+ Kc7 43. Rxb6 Kxb6 44. Qb3+ Ka7
45. Qa4 Nc4 46. Kf2 Rxh6 47. Qxc4 d1=Q 48. Qc7+ $10) (38. Nxc4 Qxd4+ 39. Ne3
Nxe3 (39... Nf5 40. Rcd1) 40. Qxe3 Qxe3+ 41. Rxe3 Rxh6 $14) 1-0

[Event "Dos Hermanas"]
[Site "Dos Hermanas"]
[Date "1995.??.??"]
[Round "9"]
[White "Adams, Michael"]
[Black "Kamsky, Gata"]
[Result "0-1"]
[WhiteElo "2655"]
[BlackElo "2710"]
[Annotator "Wedberg,T"]
[PlyCount "92"]
[EventDate "1995.04.??"]
[EventType "tourn"]
[EventRounds "9"]
[EventCountry "ESP"]
[EventCategory "18"]
[SourceTitle "CBM 047"]
[Source "ChessBase"]
[SourceDate "1995.08.01"]
[SourceVersion "1"]
[SourceVersionDate "1995.08.01"]
[SourceQuality "1"]

1. e4 {Baburin Tischbierek} e5 2. Nf3 Nc6 3. Bb5 a6 4. Ba4 Nf6 5. O-O Be7 6.
Re1 b5 7. Bb3 O-O 8. d3 d6 9. c3 Na5 10. Bc2 c5 11. Nbd2 Re8 12. Nf1 h6 13. d4
(13. a4 b4 14. cxb4 (14. Ne3 Bf8 15. cxb4 cxb4 16. b3 d5 $132 {Smirin,I-Adams,
M/Elenite/1993}) 14... cxb4 15. Ne3 Bf8 16. d4 Qb6 $13 {Polugajevskij,L}) (13.
Ne3 Bf8 14. h3 (14. a3 Nc6 15. b4 a5 16. Rb1 axb4 17. axb4 cxb4 18. cxb4 d5 $10
{Kostro,J-Nilsson,Z/Polska/1969}) 14... Bb7 15. a4 g6 16. Bd2 c4 $15 {Reyes,
J-Hebden,M/Vrnjacka Banja/1989}) 13... Qc7 14. d5 Nc4 15. a4 Bd7 16. b3 Na5 17.
Ne3 c4 18. bxc4 (18. b4 Nb3 $1 19. Bxb3 cxb3 20. axb5 axb5 21. Rxa8 Rxa8 22.
Qd3 Ra2 $17) 18... Nxc4 19. h3 Rec8 $15 20. axb5 axb5 21. Rxa8 Rxa8 22. Nxc4
Qxc4 23. Bd2 {Baburin: Among the Black pieces one particular piece is rather
inactive. Kamsky improves his position by moving his KB onto a better diagonal.
} Bd8 24. Qb1 Bb6 25. Bd3 Qa4 26. Be3 Bxe3 27. Rxe3 Qa1 28. Kh2 Qxb1 29. Bxb1
Kf8 30. g3 Ke7 31. Kg2 Ra1 32. Nd2 Ne8 33. Bd3 Ra2 34. Re2 Nc7 35. c4 $2 (35.
Nb1 $15) (35. Nb1 {Tischbierek} Ra5 (35... Ra1 36. Rb2) 36. Rb2 Na6 {/\ Nc5,
f7-f5}) 35... b4 $17 {/\Na6-c5} (35... Ra3 {Tischbierek} 36. Re3) 36. c5 Nb5 $1
37. f4 (37. c6 {Tischbierek} Nd4 $19) (37. Nb3 {Tischbierek} Rxe2 38. Bxe2 Nc3
39. Bd3 Ba4 40. cxd6+ Kxd6 41. Nd2 Kc5 $19) (37. Nc4 {Tischbierek} Rxe2 38.
Bxe2 (38. cxd6+ Nxd6 39. Bxe2 Bb5 (39... Nxe4 40. Nxe5 b3 $17) 40. Nxd6 Bxe2
41. Nc8+ Kd7 42. Nb6+ Kd6 43. f4 b3 44. Na4 Bd3 45. Kf3 f5 $19) 38... dxc5 39.
Nxe5 b3 40. Nc4 Nd6 41. Nd2 b2 42. Bd3 c4 43. Bc2 c3 44. Nb1 Nb5 45. Bd3 Kd6
46. f4 Kc5 $17) 37... dxc5 38. fxe5 Nc3 39. Rf2 Nd1 40. Re2 Ra3 41. d6+ Ke8 42.
Bc4 Ne3+ 43. Kf2 Nxc4 44. Nxc4 Ra1 45. Rc2 Be6 46. Nd2 c4 (46... c4 47. Nxc4 b3
48. Rc3 Bxc4 49. Rxc4 b2 $19) 0-1

[Event "Groningen"]
[Site "Groningen"]
[Date "1995.??.??"]
[Round "1"]
[White "Svidler, Peter"]
[Black "Kamsky, Gata"]
[Result "1/2-1/2"]
[WhiteElo "2635"]
[BlackElo "2735"]
[PlyCount "63"]
[EventDate "1995.12.??"]
[EventType "tourn"]
[EventRounds "11"]
[EventCountry "NED"]
[EventCategory "17"]
[SourceTitle "CBM 051"]
[Source "ChessBase"]
[SourceDate "1996.04.01"]
[SourceVersion "1"]
[SourceVersionDate "1996.04.01"]
[SourceQuality "1"]

1. e4 e5 2. Nf3 Nc6 3. Bb5 a6 4. Ba4 Nf6 5. O-O Be7 6. Re1 b5 7. Bb3 O-O 8. c3
d5 9. exd5 Nxd5 10. Nxe5 Nxe5 11. Rxe5 c6 12. d4 Bd6 13. Re1 Qh4 14. g3 Qh3 15.
Be3 Bg4 16. Qd3 Rae8 17. Nd2 Re6 18. a4 Qh5 19. axb5 axb5 20. Ne4 Bf5 21. Bd2
Rxe4 22. Rxe4 Nf6 23. f3 Qg6 24. Qf1 Nxe4 25. fxe4 Bxe4 26. Bf4 Bd3 27. Qf2
Bxf4 28. Qxf4 h6 29. Qf2 Re8 30. Re1 Rxe1+ 31. Qxe1 Be4 32. Qf2 1/2-1/2

[Event "Groningen"]
[Site "Groningen"]
[Date "1995.??.??"]
[Round "2"]
[White "Kamsky, Gata"]
[Black "Piket, Jeroen"]
[Result "1-0"]
[WhiteElo "2735"]
[BlackElo "2625"]
[Annotator "Wedberg,T"]
[PlyCount "73"]
[EventDate "1995.12.??"]
[EventType "tourn"]
[EventRounds "11"]
[EventCountry "NED"]
[EventCategory "17"]
[SourceTitle "CBM 051"]
[Source "ChessBase"]
[SourceDate "1996.04.01"]
[SourceVersion "1"]
[SourceVersionDate "1996.04.01"]
[SourceQuality "1"]

1. e4 {Ftacnik Kamsky} e5 2. Nf3 Nc6 3. Bb5 f5 4. Nc3 fxe4 5. Nxe4 d5 6. Nxe5
dxe4 7. Nxc6 Qg5 8. Qe2 Nf6 9. f4 Qxf4 10. d4 {Kamsky: After this move Piket
started thinking for a long time, and I therefore thought it was no theory
anymore. The main line is:} (10. Ne5+ c6 11. d4) 10... Qd6 11. Ne5+ c6 12. Bc4
Be6 (12... Qxd4 $6 13. Bf4 (13. Nf7 $2 Bg4) 13... Bd6 14. Rd1 (14. Nf7 $2 Bxf4
15. Nxh8 Bg4 {0-1 Andrews,PJ-Berg,PE/corr 1991}) 14... Qc5 15. Bf7+ $1 Kd8 16.
Nxc6+ $18) 13. c3 (13. Bf4 Bxc4 (13... O-O-O 14. c3 Bxc4 15. Qxc4 Nd5 $10 {
Hernandez,Gi-Alzate,D/Cali/1990}) 14. Qxc4 Qd5 15. Qb3 (15. O-O-O Bd6 16. Qb3
Qxb3 17. axb3 O-O $10 {Steingrimsson,H-Marciano,D/Reykjavik/1993}) 15... Bd6 (
15... Qxb3 16. axb3 Nd5 17. O-O Bd6 18. Bg3 Nf6 $10 {Eslon,J-Maric,R/
Strasbourg/1972}) 16. O-O Qxb3 17. axb3 c5 (17... O-O 18. Nc4 Be7 19. Be5 c5
20. Ne3 $14 {Keres,P-Zaitsev,A/Tallinn/1971}) 18. Nc4 Be7 19. Nb6 $16 {
Buljovcic,I-Maric,R/Novi Sad/1973}) 13... Bxc4 (13... Be7 {Ftacnik} 14. O-O O-O
15. Bf4 (15. Bg5 Rae8 16. Rae1 Kh8 17. Bb3 c5 18. Bxe6 Qxe6 19. Qb5 Bd6 20.
Bxf6 gxf6 21. Nd7 Rg8 22. Nxf6 Qh3 23. Nxg8 Rxg8 24. Rf2 e3 {De Firmian,
N-Wieweg,J/Rilton Cup op9394 (01)/1993/ (34)}) 15... Bxc4 16. Nxc4 Qe6 17. Be5
c5 (17... Rae8 18. a3 Nd7 19. Bf4 c5 20. Rad1 cxd4 21. cxd4 Qa6 22. b3 Nf6 23.
Be5 Qb5 24. Qe3 Qd7 25. Qg5 Bd8 26. Nd6 Ng4 {Ostergaard,D-Karpatchev,A/Rilton
Cup op9394 (08)/1993/0-1 (41)}) 18. Rae1 $14 {Erneste,I-Puhakka,E/Helsinki/1992
}) (13... Bd5 14. Bb3 Bxb3 15. axb3 Qe6 16. Bg5 Bd6 17. Bxf6 gxf6 18. Qh5+ Ke7
19. Nc4 a6 20. O-O Rag8 21. Qf5 Bc7 22. Nd2 Rg4 23. h3 Rh4 24. Rae1 Qxf5 25.
Rxf5 Ke6 26. g4 {1-0 Mezentsev,V-Yagupov,I/RUS-ch Orel/1992/ (50)}) 14. Nxc4 (
14. Qxc4 Qd5 $10) 14... Qe6 15. O-O {Kamsky: A good alternative is 15.Bf4 with
the idea Be5. White's advantage due to the weakness of e4 pawn looks pretty
negligable, but had not equalized yet.} Be7 (15... Bd6 {Ftacnik} 16. Nxd6+ Qxd6
17. Bg5 Qd5 18. Bxf6 gxf6 19. Rxf6 {White was a pawn up} O-O-O 20. Qg4+ Rd7 21.
Re6 Qb5 22. b3 Qd3 23. Rxe4 Qxc3 24. Rd1 Rhd8 25. Re7 Kc7 26. Qf4+ Kb6 {
Palkovi,J-Szell,L/HUN-chT 9091/1991/0.5 (38)}) 16. Bg5 (16. Bf4 $5) 16... O-O
17. Rae1 Rae8 18. Nd2 (18. Rf4 Qd5 19. Bh4 (19. Bxf6 $2 Bxf6 20. Rxe4 Rxe4 21.
Qxe4 Qxc4 $19) 19... c5 $132) 18... Qxa2 (18... Qd5 $1 19. Bh4 $14 (19. Bxf6
Bxf6 20. Nxe4 Bxd4+ $1 21. cxd4 Qxd4+ 22. Kh1 Rxf1+ 23. Rxf1 Qxe4 $19)) 19.
Bxf6 Bxf6 (19... Rxf6 20. Rxf6 (20. Nxe4 {Ftacnik} Rxf1+ 21. Rxf1 Rf8 $10)
20... Bxf6 21. Nxe4 Kh8 $10) 20. Nxe4 Re6 (20... Kh8) (20... Be7 {Kamsky: This
move was recommended in an "obscure booklet" according to Piket, but loses on
the spot to} 21. Nd6 $3 Bxd6 22. Qxe8 $18) (20... Qf7 21. Qg4 Qg6 22. Qxg6 hxg6
23. Nxf6+ gxf6 24. Rxe8 Rxe8 25. Rxf6 $18) (20... Bd8 21. Rxf8+ Rxf8 22. Nc5
Qf7 23. Qe6 $18) 21. Qg4 h6 (21... Kh8 22. Nxf6 Rexf6 23. Rxf6 gxf6 $14) (21...
Be7 {Ftacnik} 22. Rxf8+ Bxf8 23. Rf1 $14) 22. Rxf6 $1 (22. Nxf6+ {Ftacnik}
Rfxf6 $10) 22... Rfxf6 23. Nxf6+ Rxf6 24. Qc8+ Kh7 (24... Rf8 {Ftacnik} 25.
Qxb7 $16) 25. Qxb7 a5 26. h3 {Kamsky: White has an extra pawn, but the win is
by no means simple. Black landed with minus P and potentially vulnerable K.}
Rg6 (26... a4 $1 {Ftacnik} 27. Qb4 $16 Rg6 28. Kh2 $1 (28. Rf1 Qe6 $132) (28.
c4 a3 29. Qxa3 Qxc4 30. Qe3 Qd5 31. Qe4 $14) 28... Qf7 29. Qxa4 Qf4+ 30. Kh1
Qf2 31. Rg1 Qxb2 32. Qc4 Qd2 33. Kh2 Qf4+ 34. g3 Qf2+ 35. Rg2 $16) 27. Qb8 $1 {
Kamsky: The winning move, Piket completely overlooked this.} a4 (27... Qd5 {
Ftacnik} 28. Re2 $16) 28. Re8 Re6 29. Rh8+ Kg6 30. Qg3+ Kf7 (30... Kf6 $2 {
Ftacnik} 31. Rf8+ $18) 31. Rb8 Qb1+ (31... a3 {Ftacnik} 32. Rb7+ Re7 33. Qf4+
Ke8 34. Rb8+ Kd7 35. Qf8 Qf7 (35... axb2 36. Rb7+ Ke6 37. Rxe7+ Kd5 38. Qf7+
Kd6 39. Rd7#) 36. Qxf7 Rxf7 37. Rb7+ Ke6 38. Rxf7 Kxf7 39. bxa3 $18) 32. Kh2
Re1 33. Rb7+ Ke6 (33... Re7 34. Qf3+ $18) 34. d5+ {Kamsky: White needs no
encouragement when reminding black about the provocative position of his K.}
Kxd5 (34... cxd5 35. Qg4+ $18 Qf5 (35... Kd6 36. Rd7+ Kc6 37. Qxa4+ $18) 36.
Re7+) 35. Rd7+ Kc4 (35... Ke4 36. Qg4+ Ke5 37. Re7+ Kd6 38. Qd7+ Kc5 39. Qd4+
$18) 36. Rd4+ Kb3 (36... Kc5 {Ftacnik} 37. Qd6+) 37. c4+ (37. c4+ {Ftacnik}
Kxb2 (37... Kb4 38. Qb8+ Kc5 39. Qa7+ Kb4 40. Qb6#) 38. Rd2+) 1-0